| 000 | 02417nam a2200457 i 4500 | ||
|---|---|---|---|
| 001 | 991061305512806706 | ||
| 003 | ES-BaIT | ||
| 005 | 20250430122157.0 | ||
| 008 | 250325s2013 spca||||r|||||0|| 0dcat|c | ||
| 040 |
_aES-BaIT _bcat _erda _cES-BaIT |
||
| 080 | _a793(460.23) | ||
| 245 | 0 | 0 |
_a30 anys de dansa : _bTemporada tardor 2013 / _cCentre Cultural Terrassa , fotografies Josep Aznar, Teresa Llordés, Ros Ribas, Lado |
| 246 | 1 | _aTrenta anys de dansa | |
| 264 | 1 |
_aTerrassa : _bCentre Cultural de Terrassa, _c[2013] |
|
| 300 |
_a60 pàgines, algunes sense numerar: _bmolt il·lustrat en color; _c22 x 23 cm |
||
| 336 |
_atext _btxt _2rdacontent |
||
| 336 |
_aimatge fixa _bsti _2rdacontent |
||
| 337 |
_asense mediació _bn _2rdamedia |
||
| 338 |
_avolum _bnc _2rdacarrier |
||
| 490 | 1 |
_afundacioct ; _v13 |
|
| 500 | _aPublicació commemorativa dels 30 anys de dansa del centre. En aquesta commemoració organitzen tres exposicions en motiu de les companyies que programen en la temporada de tardor 2013: IT Dansa. 15 anys dalt dels escenaris. Del 19 de setembre al 21 de novembre de 2013 ; Ballet Nacional de Cuba. 70 anys del debut d'una estrella. Del 25 d'octubre a l'11 de novembre de 2013 ; Nina Ananiashvili i el Ballet Estatal de Geòrgia. Del 15 de novembre al 23 de desembre de 2013 | ||
| 600 | 1 | 7 |
_aAlonso, Alicia, _d1920-2019 _xExposicions _2lemac _9165673 |
| 600 | 1 | 7 |
_aAnaniashvili, Nina, _d1981- _xExposicions _2lemac _9165674 |
| 610 | 2 | 7 |
_aIT Dansa Jove Companyia _xExposicions _2lemac _9165675 |
| 610 | 2 | 7 |
_aBallet Nacional de Cuba _xExposicions _2lemac _9165676 |
| 610 | 2 | 7 |
_aBallet Estatal de Geòrgia _xExposicions _2lemac _9165677 |
| 610 | 2 | 4 |
_aFundació Caixa Terrassa. _bCentre Cultural _xCoreografies _y2010-2019 _9165678 |
| 650 | 7 |
_aDansa _xExposicions _2lemac _9122549 |
|
| 650 | 4 |
_aCompanyies de dansa clàssica _xExposicions _9165679 |
|
| 650 | 4 |
_aCompanyies de dansa contemporània _zCatalunya _xExposicions _9165680 |
|
| 700 | 1 |
_aAznar, Josep _efotògraf _96113 |
|
| 700 | 1 |
_aLlordés, Teresa _efotògraf _9165681 |
|
| 700 | 1 |
_aRos Ribas, Josep _efotògraf _943379 |
|
| 700 | 1 |
_aVachnadze, Lado _efotògraf _9165682 |
|
| 710 | 2 |
_aFundació Caixa Terrassa. _bCentre Cultural _eentitat editora _9103396 |
|
| 830 | 0 |
_aFundacioct.cat _v13 _9165683 |
|
| 856 | 4 | 1 |
_zAccés lliure _uhttps://www.lafactcultural.cat/files/Int_30aDansa.pdf |
| 908 | _aCDMAE | ||
| 940 | _aCDMAE | ||
| 942 |
_2udc _cDIGITAL |
||
| 999 |
_c136058 _d136058 |
||